LEADER 01503nam a2200337 u 4500 001 000000079030 003 CaOOAMICUS 005 20070226123508.0 008 040216s2002 gw u000 u ger u 020 $a3451274906 035 $a10996252 040 $aPUL$bita 130 0 $aBiblia.$pN.T.$pActus apostolorum.$lTedesco.$0(OLS)http://pul/title/41196 245 14$aDie Apostelgeschichte /$cEinleitung, Kommentar von Gerhard Schneider. 250 $aUngek. Sonderausgabe. 260 $aFreiburg im Breisgau :$bHerder,$c2002. 300 $a2 v. ;$c20 cm 490 1 $aHerders theologischer Kommentar zum Neuen Testament 500 $aContiene indici. 504 $aBibliografia in nota. 505 0 $aErstel Teil : 1,1 - 8,40 -- Zweiter Teil : 9,1 - 28,31. 700 1 $aSchneider, Gerhard,$d1924-$0(OLS)http://pul/name/6377 830 0$aHerders theologischer Kommentar zum Neuen Testament.$0(OLS)http://pul/title/43539 850 $aPUL 852 $aPUL$W1$xSL Religione 1$y3$m6(1) F 5.1-2$j101227$nBK-PRI$b $qStampati$B101227$CPULBib$Z2$F101227 $HPUL90388, 90389 $81 852 $aPUL$W1$xSL Religione 1$y3$m6(1) F 5.1-2$j101227$nBK-PRI$b $qStampati$B101228$CPULBib$Z2$F101228 $HPUL90388, 90389 $81 941 1 $a8 983 0$aHThKNT. 996 $6020$a3451274906$9(OLS)http://pul/number/102192 996 $6245$aDie Apostelgeschichte$9(OLS)http://pul/title/41197 996 $6260$aFreiburg im Breisgau :$bHerder$9(OLS)http://pul/publisher/48772 LEADER 01541nam a2200325 a 4500 001 000000175692 003 CaOOAMICUS 005 20230202165558.0 008 230202s2022 it u001 u ita r 020 $z978-88-308-1832-3* 032 $aLibriCat 040 $aPUL$bita 100 1 $aPredoti, Rocco.$0(OLS)http://pul/name/112542 245 10$aIdentità dell'uomo digitale : $bantropologia del linguaggio digitale e implicazioni catechetiche / $cRocco Predoti ; prefazione di Salvatore Curṛ. 260 $aAssisi :$bCittadella,$c2022. 300 $a439 p. ;$b$c21 cm 490 1 $aStudi e ricerche. Sezione teologica 504 $aBibliografia : p. [405]-434. 650 4$aCatechesi e mezzi di comunicazione.$0(OLS)http://pul/subject/41857 650 4$aCatechesi$xSec. XXI.$0(OLS)http://pul/subject/39301 650 4$aInternet$xAspetti sociali.$0(OLS)http://pul/subject/46010 700 1 $aCurṛ, Salvatore.$0(OLS)http://pul/name/44205 830 0$aStudi e ricerche (Cittadella).$pSezione teologica.$0(OLS)http://pul/title/143126 850 $aPUL 852 $aPUL$W1$xSL Religione 3$y85$m230 COLL 11.1.48$j199877$qDDC 21$B204636$CPULBib$Z2$F204636 $H136009 $82 941 1 $a9 996 $6020$z978-88-308-1832-3*$9(OLS)http://pul/number/168994 996 $6245$aIdentità dell'uomo digitale : $bantropologia del linguaggio digitale e implicazioni catechetiche / $9(OLS)http://pul/title/217149 996 $6260$aAssisi :$bCittadella$9(OLS)http://pul/publisher/49668